AH International Schools' Libraries

It's not summer without you / (Record no. 49678)

MARC details
000 -LEADER
fixed length control field 01019nam a2200145 4500
020 ## - INTERNATIONAL STANDARD BOOK NUMBER
International Standard Book Number 9780143107491
100 ## - MAIN ENTRY--PERSONAL NAME
Personal name Han, Jenny.
9 (RLIN) 78663
245 ## - TITLE STATEMENT
Title It's not summer without you /
Statement of responsibility, etc Jenny Han.
260 ## - PUBLICATION, DISTRIBUTION, ETC. (IMPRINT)
Place of publication, distribution, etc New York:
Name of publisher, distributor, etc Simon & Schuster;
Date of publication, distribution, etc 2017.
300 ## - PHYSICAL DESCRIPTION
Extent 275 p.
Dimensions 20 cm.
490 ## - SERIES STATEMENT
Series statement Summer series; 2
520 ## - SUMMARY, ETC.
Summary, etc It used to be that Belly counted the days until summer, until she was back at Cousins Beach with Conrad and Jeremiah. But not this year. Not after Susannah got sick again and Conrad stopped caring. Everything that was right and good has fallen apart, leaving Belly wishing summer would never come. But when Jeremiah calls saying Conrad has disappeared, Belly knows what she must do to make things right again. And it can only happen back at the beach house, the three of them together, the way things used to be. If this summer really and truly is the last summer, it should end the way it started—at Cousins Beach.
650 ## - SUBJECT ADDED ENTRY--TOPICAL TERM
Topical term or geographic name as entry element Summer. Vacation home. Friendship.
9 (RLIN) 86796
942 ## - ADDED ENTRY ELEMENTS (KOHA)
Source of classification or shelving scheme
Koha item type YA FIC BOOKS
Holdings
Withdrawn status Lost status Source of classification or shelving scheme Damaged status Not for loan Collection code Home library Current library Shelving location Date acquired Total Checkouts Full call number Barcode Date last seen Date checked out Price effective from Koha item type
          SECONDARY Asian Hope Secondary Library Asian Hope Secondary Library SECONDARY 10/28/2025 2 YA FIC HAN BK.2 208771 03/31/2026 03/24/2026 10/28/2025 YA FIC BOOKS

For any Logos Library related questions please contact Miss Art at swongnarasuk@asianhope.org.

For any Asian Hope Library related questions please contact Miss Raza at graza@asianhope.org.

Powered by Koha